000 01098nam a2200337 a 4500
001 000111323
003 CHAP
005 20220329144207.0
008 150202s2014 mx d |r| |||0|||spa d
010 _a107785
011 _a108757
020 _a9786077079347
040 _cCHAP
082 1 _a658.098
_bM68
100 1 _aMochón Morcillo, Francisco
_976384
245 1 0 _aAdministración :
_benfoque por competencias con casos latinoamericanos /
_cpor Francisco Mochón Morcillo, María del Carmen Mochón Sáez y Marta Sáez Mochón.
260 _aMéxico, D.F. :
_bAlfaomega,
_c2014.
300 _axx, 542 :
_bgráfs.
590 _aE11695DGD
_b10
_c20150526
_lUCH01
_h1447
590 _aE5652GLJ
_b05
_c20150202
_lUCH01
_h1457
590 _aE5652GLJ
_b05
_c20150203
_lUCH01
_h0900
650 1 4 _aAdministración.
_9918
650 1 4 _aCompetencia.
_926091
650 1 4 _aEmpresas
_xAmérica Latina.
_936636
650 1 4 _aOrganización.
_983533
700 1 _aMochón Sáez, María del Carmen
_9129181
700 1 _aSáez Mochón, Marta
_9129182
901 _aBK
942 _cLIBRO
942 _n0
999 _c107785
_d107785